000 00316nam a2200133Ia 4500
008 230917s9999||||xx |||||||||||||| ||und||
040 _e153799
_aMAIN
041 _aEnglish
082 _a294.6 C349S
100 _aChatterjee, suniti Kumar
245 0 _aShri guru Granth Sahibji
300 _a291p p.
942 _cBK
999 _c196301
_d196301